000 00367 a2200157 4500
001 161537
020 _a
040 _cMagnum
100 _aBagno, Marcos
240 1 0 _aMinimenino e a saudade do planeta que encolheu
_lpor
245 1 0 _aMinimenino e a saudade do planeta que encolheu
362 0 _a1899
440 1 _aBagaço
697 _aIJ/GERAL
942 _cBK
999 _c161537
_d161537